Normal view MARC view
  • McLachlan Joan E

Entry Personal Name

Number of records used in: 1

001 - CONTROL NUMBER

  • control field: 216686

003 - CONTROL NUMBER IDENTIFIER

  • control field: OSt

005 - DATE AND TIME OF LATEST TRANSACTION

  • control field: 20260209135003.0

008 - FIXED-LENGTH DATA ELEMENTS

  • fixed length control field: 260209|| aca||aabn | a|a d

040 ## - CATALOGING SOURCE

  • Original cataloging agency: OSt
  • Transcribing agency: OSt

100 ## - HEADING--PERSONAL NAME

  • Personal name: McLachlan Joan E

670 ## - SOURCE DATA FOUND

  • Source citation: Work cat.: (OSt)370382: McLachlan Joan E., Internships for Today's World: A Practical Guide for High Schools and Community Colleges, 2014